书目信息 |
| 题名: |
方圆宋江
|
|
| 作者: | 程敏 著 | |
| 分册: | ||
| 出版信息: | 北京 京华出版社 2009.01 |
|
| 页数: | 229页 | |
| 开本: | 20cm | |
| 丛书名: | ||
| 单 册: | ||
| 中图分类: | C912.1 | |
| 科图分类: | ||
| 主题词: | 社会结构 , 社会关系 | |
| 电子资源: | ||
| ISBN: | 978-7-80600-961-1 | |
| 000 | 00553nam0 2200217 45 | |
| 001 | 0960271617 | |
| 005 | 20091020164532.43 | |
| 010 | @a978-7-80600-961-1@dCNY29.80 | |
| 100 | @a20090515d2009 ekmy0 y0120 ea | |
| 102 | @aCN@b130000 | |
| 105 | @ay z 000yy | |
| 200 | 1 | @a方圆宋江@f程敏著@Fcheng min zhu |
| 210 | @a北京@c京华出版社@d2009.01 | |
| 215 | @a229页@d20cm | |
| 606 | 0 | @a社会结构 |
| 606 | 0 | @a社会关系 |
| 690 | @aC912.1@v4 | |
| 701 | 0 | @a程敏@Acheng min@4著 |
| 801 | 0 | @aCN@c20091020 |
| 905 | @a10447@dC912.1@eC755 | |
| 906 | @d30@n3@r1 | |
| 方圆宋江/程敏著.-北京:京华出版社,2009.01 |
| 229页;20cm |
| ISBN 978-7-80600-961-1:CNY29.80 |
| ● |
| 相关链接 |
|
|
|
正题名:方圆宋江
索取号:C912.1/C755
 
预约/预借
| 序号 | 登录号 | 条形码 | 馆藏地/架位号 | 状态 | 备注 |
| 1 | 892382 | 208923824 | 社科库509/509社科库 56排6列5层/ [索取号:C912.1/C755] | 在馆 | |
| 2 | 892383 | 208923833 | 社科库509/509社科库 56排6列5层/ [索取号:C912.1/C755] | 在馆 | |
| 3 | 892384 | 208923842 | 社科库509/509社科库 56排6列5层/ [索取号:C912.1/C755] | 在馆 |